000 00292nam a2200133 i 4500
001 bg
100 1 _aMĄKA, Henryk
245 0 _aRejs w rok 2000 /
_cHenryk Mąka.
260 _aWarszawa,
_c1978.
040 _cBPK
041 _apol
942 _cKS
008 s pl f |000 0 pol
999 _c9570
_d9570
856 _uhttp://koha.tu.koszalin.pl/cgi-bin/koha/opac-detail.pl?biblionumber=9570
_yKatalog online BPK